|
|
|
|
| LEADER |
00000nam a2200000 a 4500 |
| 001 |
vtls001253769 |
| 003 |
SK-MaSNL |
| 005 |
20260301003545.0 |
| 008 |
250414s1992 CS 0 cze |
| 035 |
|
|
|a SNK000204588
|
| 040 |
|
|
|a SNK
|b slo
|c SNK
|e AACR2
|
| 041 |
0 |
|
|a cze
|
| 044 |
|
|
|a [CS]
|
| 080 |
|
|
|a 784.66
|2 1981
|
| 100 |
1 |
|
|a Janda, Petr
|4 aut
|9 285039
|
| 245 |
1 |
0 |
|a Olympic. Ulice
|h Audiozáznam
|c Petr Janda ; Text Zdeněk Rytíř ; Spieva skupina Olympic ; Hrá skupina Olympic
|
| 260 |
|
|
|a Praha
|b Supraphon
|c 1992
|
| 300 |
|
|
|a 1 comp. disc.
|b stereo
|
| 500 |
|
|
|a skupina Olympic
|
| 700 |
1 |
|
|a Rytíř, Zdeněk,
|d 1944-2013
|4 tex
|9 119455
|
| 710 |
0 |
|
|a skupina Olympic
|4 roz
|9 285040
|
| 710 |
0 |
|
|a skupina Olympic
|4 uci
|9 285040
|
| 852 |
|
|
|a Slovenská národná knižnica
|
| 954 |
|
|
|a hudba populárna
|
| 999 |
|
|
|c 539708
|d 541638
|
| 952 |
|
|
|a SNK
|b SNK
|y PREZ
|7 0
|p 17A0682304
|o snkICD 614
|i snkJK 286/93
|0 0
|1 0
|4 0
|d 2010-12-09
|l 0
|r 2026-02-23 12:36:51
|w 2026-02-23
|